000 00587cam a22001934a 4500
020 _a0195308085 (cloth : alk. paper)
020 _a9780195308082 (cloth : alk. paper)
082 0 0 _a584.91785
_bCHE/EC
100 1 _aCheplick, G. P.
245 1 0 _aEcology and evolution of the grass-endophyte symbiosis /
260 _aOxford ;
_aNew York :
_bOxford University Press,
_c2009.
300 _aix, 241 p. :
_bill. ;
650 0 _aEndophytic fungi.
650 0 _aGrasses
650 0 _aPlant-fungus relationships.
650 0 _aEndosymbiosis.
700 1 _aFaeth, Stanley H.,
942 _cBK
999 _c13757
_d13757